|
|
|
|
| LEADER |
00752nam a22002171 4500 |
| 001 |
c000124223 |
| 003 |
CARM |
| 005 |
00000000000000.0 |
| 008 |
700316s1967 enk 00001 eng |
| 015 |
|
|
|a B67-8093
|
| 019 |
1 |
|
|a 62191
|5 LACONCORD2021
|
| 035 |
|
|
|a (OCoLC)36712
|5 LACONCORD2021
|
| 050 |
0 |
0 |
|a PZ4.C186
|b Fl
|a PR6053.A46
|
| 100 |
1 |
|
|a Camp, William
|q (William Newton Alexander),
|d 1926-
|
| 245 |
1 |
|
|a Flavour of decay.
|
| 260 |
|
|
|a London,
|b Blond,
|c 1967.
|
| 300 |
|
|
|a 207 p.
|c 20 1/2 cm.
|
| 852 |
8 |
|
|b CARM
|h A2:AG22C0
|i B02292
|p 0137490
|f BK
|
| 082 |
0 |
4 |
|a 823/.9/14
|
| 999 |
f |
f |
|i a5329dec-8692-50df-91f1-627cfd162ad1
|s b6553d37-759d-552d-8d09-62012ece84ce
|
| 952 |
f |
f |
|p Can circulate
|a CAVAL
|b CAVAL
|c CAVAL
|d CARM 1 Store
|e B02292
|f A2:AG22C0
|h Other scheme
|i book
|m 0137490
|